[Event "C.to Provinciale BG"]
[Site "Bergamo ITA"]
[Date "2004.11.26"]
[Round "8"]
[White "Elsido, Massimo"]
[Black "Mangili, Riccardo"]
[Result "1-0"]
[WhiteElo "1667"]
[BlackElo "1599"]
[PlyCount "105"]
[EventDate "2004.10.08"]

1. e4 e5 2. Nf3 Nc6 3. Bb5 f5 4. exf5 e4 5. Bxc6 dxc6 6. Qe2 Qe7 7. Nd4 c5 8.
Qb5+ Bd7 9. Qxb7 Rd8 10. Nc6 Bxc6 11. Qxc6+ Kf7 12. O-O Nf6 13. Nc3 Rd6 14. Qa4
g6 15. Qc4+ Kg7 16. Qxc5 c6 17. fxg6 hxg6 18. b3 Rh5 19. Qc4 Qe5 20. g3 Qf5 21.
h4 Rxh4 22. Rd1 Rh5 23. Qf1 Ng4 24. Bb2 Kh7 25. Nxe4 Qxe4 26. f3 Qd5 27. c4
Rh1+ 28. Kg2 Rxf1 29. cxd5 Rxd1 30. Rxd1 Nf6 31. Be5 Nxd5 32. Rh1+ Kg8 33. Rh8+
Kf7 34. Rxf8+ Kxf8 35. Bxd6+ Kf7 36. Kf2 Ke6 37. Ba3 a6 38. Bc5 Nc7 39. Ke3 Kd5
40. Ba3 Ne6 41. f4 Nd4 42. Bb2 Nf5+ 43. Kf3 Nd6 44. g4 Ke6 45. Be5 Nf7 46. Bb8
Nh6 47. Ba7 Kd6 48. Be3 Nf7 49. f5 gxf5 50. gxf5 Ke5 51. Kg4 Kf6 52. Bd4+ Ke7
53. Kf4 1-0

[Event "C.to Provinciale BG"]
[Site "Bergamo ITA"]
[Date "2004.11.30"]
[Round "8"]
[White "Gazzetta, Marco"]
[Black "Cammarota, Vittorio"]
[Result "0-1"]
[WhiteElo "1631"]
[BlackElo "1658"]
[PlyCount "80"]
[EventDate "2004.10.08"]

1. e4 c5 2. Nf3 Nc6 3. Bb5 e6 4. c3 g6 5. O-O Bg7 6. d3 Nge7 7. Be3 Qb6 8. Bxc6
Nxc6 9. Nbd2 Qxb2 10. Bxc5 Qxc3 11. Nb3 Qf6 12. Bd6 b6 13. e5 Qf4 14. d4 Bb7
15. Qd3 h5 16. Nbd2 h4 17. g3 Qg4 18. a3 Rh5 19. Rae1 Na5 20. Bb4 Rf5 21. Nxh4
Qh3 22. f4 O-O-O 23. Bxa5 bxa5 24. Nc4 Bf8 25. Qc2 Rh5 26. Nxa5+ Kb8 27. Rb1
Rxh4 28. gxh4 Qg4+ 29. Kf2 Qg2+ 30. Ke3 Qxc2 31. Nxb7 Qc3+ 32. Ke2 Qc4+ 33. Ke3
Qxf1 34. Rxf1 Kxb7 35. Rb1+ Kc6 36. Rc1+ Kb7 37. Rb1+ Ka8 38. a4 Rb8 39. Rc1
Rb3+ 40. Ke4 Kb7 0-1

[Event "C.to Provinciale BG"]
[Site "Bergamo ITA"]
[Date "2004.11.26"]
[Round "8"]
[White "Impellizzeri, Francesco"]
[Black "Fiorona, Gianpietro"]
[Result "1-0"]
[WhiteElo "1658"]
[BlackElo "1658"]
[PlyCount "65"]
[EventDate "2004.10.08"]

1. d4 Nf6 2. c4 c5 3. d5 b5 4. Nf3 g6 5. g3 Bg7 6. Bg2 d6 7. O-O bxc4 8. Nfd2
O-O 9. Nxc4 Nbd7 10. Nc3 Ba6 11. Nd2 Nb6 12. Re1 Ng4 13. Qc2 Ne5 14. Rb1 Rb8
15. Nf3 Nbd7 16. Nxe5 Nxe5 17. b3 Qc7 18. f4 Nd7 19. Ne4 Qa5 20. Bd2 Qd8 21.
Bc3 Bxc3 22. Qxc3 Nb6 23. Nd2 Bc8 24. e4 e6 25. dxe6 fxe6 26. Rbd1 Qc7 27. Rc1
Qe7 28. e5 d5 29. Qxc5 Qe8 30. Nf3 h6 31. Nd4 Bb7 32. Qd6 Bc8 33. Qxb8 1-0

[Event "C.to Provinciale BG"]
[Site "Bergamo ITA"]
[Date "2004.11.23"]
[Round "8"]
[White "Longo, Pietro"]
[Black "Riggio, Mauro"]
[Result "1-0"]
[WhiteElo "1757"]
[BlackElo "1829"]
[PlyCount "107"]
[EventDate "2004.10.08"]

1. e4 e5 2. Nf3 Nc6 3. Bb5 a6 4. Ba4 Nf6 5. O-O b5 6. Bb3 Bc5 7. c3 d6 8. d4
Ba7 9. dxe5 dxe5 10. Qxd8+ Nxd8 11. Nxe5 Bb7 12. Bg5 Ne6 13. Bxf6 gxf6 14. Ng4
Ke7 15. Nd2 Rad8 16. Rad1 Nf4 17. Nh6 Rd7 18. Nf5+ Kf8 19. Bc2 Rg8 20. Ng3 h5
21. Nf3 Rxd1 22. Rxd1 f5 23. Rd8+ Kg7 24. Nxf5+ Kh7 25. Rxg8 Kxg8 26. g3 Nh3+
27. Kf1 Nxf2 28. Ng5 Ng4 29. Bb3 Nxh2+ 30. Kg2 Ng4 31. Bxf7+ Kf8 32. Bxh5 Ne3+
33. Nxe3 Bxe3 34. Ne6+ Ke7 35. Nxc7 Bxe4+ 36. Bf3 Bxf3+ 37. Kxf3 Bc1 38. b3 Bd2
39. Nd5+ Kd6 40. Ke4 Be1 41. g4 Bh4 42. c4 bxc4 43. bxc4 Kc5 44. Kd3 Bg5 45.
Nc3 Bh6 46. g5 Bg7 47. Ne4+ Kc6 48. a4 Be5 49. Nf6 Kd6 50. Ke4 Ke6 51. Nd5 Bd6
52. g6 Bg3 53. Nf4+ Kf6 54. Nh5+ 1-0

[Event "C.to Provinciale BG"]
[Site "Bergamo ITA"]
[Date "2004.11.26"]
[Round "8"]
[White "Mora, Paolo"]
[Black "Ranfagni, Stefano"]
[Result "1-0"]
[WhiteElo "2116"]
[BlackElo "1859"]
[PlyCount "63"]
[EventDate "2004.10.08"]

1. e4 e6 2. d4 d5 3. e5 c5 4. c3 Nc6 5. Nf3 Qb6 6. a3 Bd7 7. b4 cxd4 8. cxd4
Rc8 9. Bb2 Be7 10. Nc3 a6 11. Na4 Qc7 12. Rc1 b5 13. Nc5 Bxc5 14. dxc5 Nge7 15.
Bd3 Ng6 16. Bb1 Ncxe5 17. Nxe5 Nxe5 18. Qh5 Nc4 19. Bxg7 Rg8 20. Qxh7 Qf4 21.
Rxc4 dxc4 22. Qxg8+ Ke7 23. Qh7 Bc6 24. Qh6 Qg4 25. Bf6+ Kd7 26. Qd2+ Kc7 27.
f3 Qh5 28. Be4 Bd5 29. g4 Qh3 30. Bxd5 exd5 31. Qxd5 Re8+ 32. Be5+ 1-0

[Event "C.to Provinciale BG"]
[Site "Bergamo ITA"]
[Date "2004.11.26"]
[Round "8"]
[White "Pezzotta, Gianfranco"]
[Black "Gualdi, Paolo"]
[Result "1/2-1/2"]
[WhiteElo "1580"]
[BlackElo "1529"]
[PlyCount "42"]
[EventDate "2004.10.08"]

1. e4 g6 2. d4 Bg7 3. Nf3 d6 4. Bc4 Nf6 5. Nc3 O-O 6. O-O Nbd7 7. a3 a5 8. Re1
c5 9. d5 Ng4 10. Nb5 Nde5 11. Be2 e6 12. c4 f5 13. Nxe5 Bxe5 14. Bxg4 fxg4 15.
Qxg4 exd5 16. Qe2 dxc4 17. Qxc4+ Rf7 18. f4 Qf6 19. Rf1 Be6 20. Qd3 Bxb2 21.
Bxb2 Qxb2 1/2-1/2

[Event "C.to Provinciale BG"]
[Site "Bergamo ITA"]
[Date "2004.11.26"]
[Round "8"]
[White "Riva, Carlo"]
[Black "Canova, Luca"]
[Result "0-1"]
[WhiteElo "1655"]
[BlackElo "2047"]
[PlyCount "92"]
[EventDate "2004.10.08"]

1. e4 c5 2. Nf3 Nc6 3. d4 cxd4 4. Nxd4 Nf6 5. Nxc6 bxc6 6. Bd3 e5 7. c4 Bc5 8.
O-O d6 9. h3 h6 10. Re1 Rb8 11. Qc2 Qb6 12. b3 Bd4 13. Be3 Bxe3 14. Rxe3 Nh5
15. Qd2 Nf4 16. Bc2 Qc7 17. Nc3 O-O 18. Ne2 Nxe2+ 19. Qxe2 f5 20. exf5 Bxf5 21.
Bxf5 Rxf5 22. Rf3 Qf7 23. Rxf5 Qxf5 24. Re1 Re8 25. Qe4 Qxe4 26. Rxe4 d5 27.
cxd5 cxd5 28. Re2 Kf7 29. f3 Ke6 30. Kf2 Rc8 31. Rb2 d4 32. Ke2 Rc1 33. Kd2 Rg1
34. Kd3 Kd5 35. Rd2 g5 36. Rc2 a5 37. Re2 Rc1 38. Rb2 Rc3+ 39. Kd2 e4 40. fxe4+
Kxe4 41. Ke1 Rc1+ 42. Kd2 Rg1 43. a3 Rxg2+ 44. Kc1 Rxb2 45. Kxb2 Ke3 46. Kc2
Ke2 0-1

[Event "C.to Provinciale BG"]
[Site "Bergamo ITA"]
[Date "2004.11.26"]
[Round "8"]
[White "Scarpellini, Felice"]
[Black "Di Mauro, Valerio"]
[Result "1-0"]
[WhiteElo "1742"]
[BlackElo "1565"]
[PlyCount "110"]
[EventDate "2004.10.08"]

1. c4 e5 2. Nc3 d6 3. g3 f5 4. Bg2 Nf6 5. e3 Be7 6. Nge2 c6 7. d4 O-O 8. O-O
Qe8 9. d5 Qh5 10. f4 e4 11. Nd4 Qf7 12. dxc6 bxc6 13. b3 g6 14. Bb2 Ba6 15. Re1
Rd8 16. Na4 c5 17. Nb5 Bxb5 18. cxb5 Nbd7 19. Bf1 Kf8 20. Nc3 d5 21. Rc1 Nb6
22. Ne2 Rac8 23. a4 Ng4 24. Qd2 Bf6 25. Bxf6 Qxf6 26. a5 Nc4 27. bxc4 dxc4 28.
Qc3 Qxc3 29. Nxc3 Rd2 30. h3 Nh2 31. Re2 Nf3+ 32. Kf2 Rcd8 33. Rxd2 Nxd2 34.
Rd1 Ke8 35. Ke2 Nb3 36. Rxd8+ Kxd8 37. b6 axb6 38. axb6 Nc1+ 39. Kd2 Nd3 40.
Bxd3 cxd3 41. Nb5 Kc8 42. Nd6+ Kd7 43. Nc4 Kc6 44. Kc3 Kb7 45. g4 Kc6 46. gxf5
gxf5 47. Kd2 Kb7 48. Ke1 h5 49. h4 Kc6 50. Kd2 Kb7 51. Nd6+ Kxb6 52. Nxf5 Kb5
53. Kc3 Ka4 54. Nd6 d2 55. Kxd2 Kb4 1-0

[Event "C.to Provinciale BG"]
[Site "Bergamo ITA"]
[Date "2004.11.26"]
[Round "8"]
[White "Valsecchi, Alessio"]
[Black "Nasoni, Paolo"]
[Result "1-0"]
[WhiteElo "1925"]
[BlackElo "1865"]
[PlyCount "71"]
[EventDate "2004.10.08"]

1. e4 c6 2. d4 d5 3. exd5 cxd5 4. Bd3 Nc6 5. c3 Nf6 6. Nf3 Bg4 7. Bf4 e6 8.
Nbd2 Bd6 9. Bg3 Qc7 10. Qa4 Bxg3 11. hxg3 Ke7 12. Bb5 Bxf3 13. Nxf3 Rhc8 14.
Qa3+ Qd6 15. Qxd6+ Kxd6 16. Bxc6 bxc6 17. Ne5 Ke7 18. Nd3 h6 19. f3 Nd7 20.
O-O-O c5 21. dxc5 Nxc5 22. Rhe1 Rab8 23. Nxc5 Rxc5 24. Kc2 Rcb5 25. b4 Rc8 26.
Kb3 Kf8 27. Rd4 Rb7 28. a4 Rbc7 29. Rc1 Rc4 30. Rxc4 Rxc4 31. Rd1 Ke7 32. Rd4
Rxd4 33. cxd4 Kd6 34. b5 e5 35. dxe5+ Kc5 36. Kc3 1-0

[Event "C.to Provinciale BG"]
[Site "Bergamo ITA"]
[Date "2004.11.26"]
[Round "8"]
[White "Villa, Claudio"]
[Black "Testa, Luigi"]
[Result "1/2-1/2"]
[WhiteElo "1819"]
[BlackElo "1548"]
[PlyCount "89"]
[EventDate "2004.10.08"]

1. b3 e5 2. Bb2 Nc6 3. c4 Nf6 4. e3 Be7 5. Nf3 d6 6. d4 exd4 7. Nxd4 Nxd4 8.
Bxd4 O-O 9. Bd3 c5 10. Bc3 b6 11. Qc2 g6 12. Nd2 Bb7 13. e4 Re8 14. O-O Bf8 15.
Rfe1 Bg7 16. f4 Nh5 17. Bxg7 Nxg7 18. Nf3 Qc7 19. f5 Qd8 20. fxg6 hxg6 21. Qd2
Ne6 22. Qh6 Qf6 23. e5 Qf4 24. Qxf4 Nxf4 25. Be4 Bxe4 26. Rxe4 dxe5 27. Rxe5 f6
28. Ree1 Kg7 29. g3 Nd3 30. Red1 Rad8 31. Rd2 Rd7 32. Rad1 Red8 33. Kf1 Kf7 34.
Ne1 Ne5 35. Rxd7+ Rxd7 36. Rxd7+ Nxd7 37. Ke2 Ke6 38. Nd3 g5 39. h3 Ne5 40.
Nxe5 Kxe5 41. Ke3 f5 42. h4 Kf6 43. hxg5+ Kxg5 44. Kf3 Kf6 45. Kf4 1/2-1/2

[Event "VI Festival B"]
[Site "Trieste ITA"]
[Date "2004.09.04"]
[Round "1"]
[White "Patino Zuliani, Nicolas"]
[Black "Miele, Roberto"]
[Result "1/2-1/2"]
[WhiteElo "1446"]
[BlackElo "1877"]
[PlyCount "37"]
[EventDate "2004.09.04"]

1. d4 Nf6 2. c4 g6 3. Nc3 Bg7 4. e4 d6 5. Nf3 O-O 6. Be2 e5 7. d5 Nbd7 8. O-O
Ne8 9. Be3 f5 10. Ng5 Ndf6 11. f4 h6 12. fxe5 dxe5 13. Nf3 f4 14. Bc5 Nd6 15.
Nxe5 Nfxe4 16. Nxg6 Nxc5 17. Nxf8 Qxf8 18. Bh5 Qf6 19. Kh1 1/2-1/2

[Event "VI Festival B"]
[Site "Trieste ITA"]
[Date "2004.09.04"]
[Round "1"]
[White "Stampalia, Piergiorgio"]
[Black "Rizzardi, Franco"]
[Result "0-1"]
[WhiteElo "1562"]
[BlackElo "1886"]
[PlyCount "86"]
[EventDate "2004.09.04"]

1. e4 e6 2. d4 d5 3. e5 c5 4. c3 Qb6 5. Nf3 Nc6 6. Qb3 Qc7 7. Be3 Bd7 8. Be2 c4
9. Qc2 Nge7 10. Nbd2 Nf5 11. Nf1 Be7 12. Bd2 f6 13. Bf4 fxe5 14. Nxe5 Nxe5 15.
Bxe5 Bd6 16. Bh5+ Kd8 17. f4 Bxe5 18. fxe5 Qa5 19. Qd2 Kc7 20. Ne3 Raf8 21. O-O
a6 22. Be2 h5 23. Nc2 Kc8 24. b4 Qd8 25. Ne1 g5 26. g3 Qe7 27. Ng2 Rfg8 28. Rf2
Be8 29. Raf1 Qh7 30. Ne3 Bg6 31. a4 g4 32. Ng2 h4 33. Nxh4 Nxh4 34. gxh4 Qxh4
35. Qf4 Bf5 36. Qg3 Qe7 37. Qf4 Rh3 38. Rg2 Rxc3 39. Bxg4 Rc2 40. Rxc2 Rxg4+
41. Qxg4 Bxg4 42. Rcf2 Bf5 43. Rg2 Kc7 0-1

[Event "VI Festival B"]
[Site "Trieste ITA"]
[Date "2004.09.04"]
[Round "1"]
[White "Tomio, Dante"]
[Black "Muradore, Aldo"]
[Result "1-0"]
[WhiteElo "1882"]
[BlackElo "1526"]
[PlyCount "51"]
[EventDate "2004.09.04"]

1. d4 d5 2. Nf3 Nf6 3. Bg5 e6 4. e3 Be7 5. Nbd2 O-O 6. Bd3 Nfd7 7. h4 h6 8. Bf4
c5 9. c3 c4 10. Bc2 Nc6 11. Qe2 b5 12. Ne5 Ndxe5 13. dxe5 Bxh4 14. Qg4 Bg5 15.
O-O-O Bxf4 16. exf4 f5 17. Qf3 b4 18. Nxc4 bxc3 19. Qxc3 Qc7 20. Nd6 Bd7 21.
Kb1 a5 22. g4 Qb8 23. gxf5 Nb4 24. f6 d4 25. Qg3 Rf7 26. Nxf7 1-0

[Event "VI Festival B"]
[Site "Trieste ITA"]
[Date "2004.09.05"]
[Round "2"]
[White "Clarini, Ivo"]
[Black "Masella, Vincenzo"]
[Result "1-0"]
[WhiteElo "1733"]
[BlackElo "1682"]
[PlyCount "91"]
[EventDate "2004.09.04"]

1. Nf3 c5 2. c4 Nf6 3. Nc3 Nc6 4. g3 g6 5. Bg2 Bg7 6. d3 O-O 7. Bg5 h6 8. Be3
d6 9. Qd2 Ng4 10. h3 Nxe3 11. Qxe3 Nd4 12. Qd2 Rb8 13. Nxd4 cxd4 14. Nb5 a6 15.
Na3 Bd7 16. b4 b6 17. b5 a5 18. Nc2 Qc7 19. a4 e6 20. Rc1 Bc8 21. O-O Bb7 22.
Ne1 Rbc8 23. Bxb7 Qxb7 24. Nf3 Rc5 25. Qb2 e5 26. Nd2 f5 27. Qa3 Qe7 28. Qa2
Kh7 29. f3 h5 30. Kg2 Bh6 31. Rc2 Be3 32. Rh1 Qg5 33. h4 Qf6 34. Nf1 Bh6 35.
Qb1 g5 36. e3 Rg8 37. exd4 exd4 38. hxg5 Qxg5 39. Qe1 Re5 40. Re2 Rge8 41. Rxe5
Rxe5 42. Qf2 f4 43. Rh4 fxg3 44. Qxg3 Re2+ 45. Kh1 Qc1 46. Qh3 1-0

[Event "VI Festival B"]
[Site "Trieste ITA"]
[Date "2004.09.05"]
[Round "2"]
[White "Menon, Michele"]
[Black "Fantini, Marco"]
[Result "0-1"]
[WhiteElo "1609"]
[BlackElo "1852"]
[PlyCount "60"]
[EventDate "2004.09.04"]

1. c4 e5 2. Nc3 Bb4 3. Nf3 Nc6 4. Qb3 Nf6 5. Nxe5 Nd4 6. Qa4 Qe7 7. Nd3 Bd6 8.
e3 b6 9. Ne2 Nf5 10. Qb5 g6 11. Ndf4 Bb7 12. Nd5 Nxd5 13. cxd5 O-O 14. d3 c6
15. dxc6 dxc6 16. Qc4 c5 17. Bd2 a6 18. e4 b5 19. Qc2 Nh4 20. Bf4 Bxf4 21. Nxf4
c4 22. Be2 cxd3 23. Bxd3 Qe5 24. Ne2 Nxg2+ 25. Kf1 Nf4 26. Nxf4 Qxf4 27. Re1
Rac8 28. Qe2 Rfd8 29. Qe3 Qxe3 30. Rxe3 Rxd3 0-1

[Event "VI Festival B"]
[Site "Trieste ITA"]
[Date "2004.09.05"]
[Round "2"]
[White "Miele, Roberto"]
[Black "D'Ascanio, Davide"]
[Result "1-0"]
[WhiteElo "1877"]
[BlackElo "1625"]
[PlyCount "77"]
[EventDate "2004.09.04"]

1. e4 e5 2. Nf3 Nc6 3. Bc4 Bc5 4. d3 d6 5. h3 h6 6. Nc3 Nf6 7. a3 a5 8. O-O O-O
9. Be3 Ba7 10. Qe2 Be6 11. Nd5 Bxd5 12. exd5 Ne7 13. Bd2 Nexd5 14. Nh2 c6 15.
Qf3 Re8 16. Rfe1 Qd7 17. Ng4 Nxg4 18. hxg4 Nc7 19. g5 hxg5 20. Bxg5 d5 21. Ba2
Re6 22. Re2 Rae8 23. Rae1 Qd6 24. Bh4 Bb8 25. Bg3 Nb5 26. c3 f6 27. Qg4 Kf8 28.
Qg6 Qe7 29. Qh7 Qf7 30. Qh3 Nd6 31. f4 e4 32. f5 R6e7 33. Bxd6 Bxd6 34. dxe4
Rxe4 35. Rxe4 Rxe4 36. Rxe4 b5 37. Qh8+ Qg8 38. Re8+ Kxe8 39. Qxg8+ 1-0

[Event "VI Festival B"]
[Site "Trieste ITA"]
[Date "2004.09.05"]
[Round "2"]
[White "Rizzardi, Franco"]
[Black "Chiesa, Roberto"]
[Result "1-0"]
[WhiteElo "1886"]
[BlackElo "1682"]
[PlyCount "65"]
[EventDate "2004.09.04"]

1. e4 e6 2. d4 d5 3. e5 c5 4. c3 Nc6 5. Be3 Qb6 6. Qd2 Bd7 7. f4 Nh6 8. Nf3 Nf5
9. Bf2 Be7 10. g4 Nh6 11. h3 cxd4 12. cxd4 f6 13. Nc3 fxe5 14. fxe5 Nf7 15. Bd3
a6 16. Rc1 g6 17. O-O O-O 18. Na4 Qd8 19. Nc5 Ng5 20. Nxg5 Bxg5 21. Be3 Bxe3+
22. Qxe3 Qe7 23. Nxb7 Nb4 24. Nd6 Nxa2 25. Rc7 Rxf1+ 26. Bxf1 Nb4 27. Rb7 Nc6
28. Qc3 Nd8 29. Rc7 Nf7 30. Nc8 Qd8 31. Nb6 Be8 32. Nxa8 Qxa8 33. Rc8 1-0

[Event "VI Festival B"]
[Site "Trieste ITA"]
[Date "2004.09.06"]
[Round "3"]
[White "Fantini, Marco"]
[Black "Clarini, Ivo"]
[Result "0-1"]
[WhiteElo "1852"]
[BlackElo "1733"]
[PlyCount "66"]
[EventDate "2004.09.04"]

1. d4 e6 2. e4 d5 3. e5 c5 4. Qg4 cxd4 5. Nf3 Nc6 6. Bd3 Qc7 7. O-O Nge7 8. Bf4
Ng6 9. Bg3 h5 10. Qg5 Be7 11. Qd2 Ngxe5 12. Nxe5 Nxe5 13. Bb5+ Kf8 14. Qxd4 Bd6
15. Re1 Ng4 16. Nc3 a6 17. Nxd5 Qc5 18. Qxc5 Bxc5 19. Nc7 axb5 20. Nxa8 h4 21.
Red1 Ke7 22. Bc7 Bxf2+ 23. Kf1 Bc5 24. Ke2 Ne3 25. Rd3 Nd5 26. Rb3 Bd7 27. c4
bxc4 28. Rxb7 Rxa8 29. Be5 f6 30. Bc3 Kd6 31. a4 Kc6 32. Rb5 Bc8 33. Ra5 Nxc3+
0-1

[Event "VI Festival B"]
[Site "Trieste ITA"]
[Date "2004.09.06"]
[Round "3"]
[White "Milinkovic, Zdravko"]
[Black "Rizzardi, Franco"]
[Result "0-1"]
[WhiteElo "1700"]
[BlackElo "1886"]
[PlyCount "108"]
[EventDate "2004.09.04"]

1. d4 d5 2. Nf3 Nf6 3. Bg5 h6 4. Bh4 c6 5. e3 Qb6 6. Qc1 Bf5 7. Nbd2 Nbd7 8. c4
e6 9. a3 Ne4 10. c5 Qc7 11. Nxe4 Bxe4 12. Bg3 Qd8 13. Be2 Be7 14. O-O h5 15. h3
g5 16. Nd2 Bg6 17. f3 Bf6 18. Qc3 O-O 19. b4 Re8 20. f4 gxf4 21. exf4 Bg7 22.
Nf3 Nf6 23. Bh4 Ne4 24. Qe3 Qc7 25. Ne5 b6 26. Bg3 bxc5 27. bxc5 Rab8 28. Bh2
Bxe5 29. fxe5 Qa5 30. Bf4 Qc3 31. Qxc3 Nxc3 32. Bf3 Rb2 33. Rf2 Reb8 34. Rc1
Rxf2 35. Kxf2 Nb5 36. Bxh5 Bxh5 37. Rb1 Rc8 38. a4 Nxd4 39. g4 Bg6 40. Rb7 a5
41. Bd2 Bc2 42. Bxa5 Bxa4 43. Ke3 Nb5 44. Bb4 Bc2 45. h4 d4+ 46. Kf4 Nc3 47.
Kg5 Ne4+ 48. Kf4 Rd8 49. Ba5 Nxc5 50. Rxf7 Kxf7 51. Bxd8 Nb3 52. h5 d3 53. g5
d2 54. g6+ Bxg6 0-1

[Event "VI Festival B"]
[Site "Trieste ITA"]
[Date "2004.09.06"]
[Round "3"]
[White "Patino Zuliani, Nicolas"]
[Black "Orsatti, Marcello"]
[Result "0-1"]
[WhiteElo "1446"]
[BlackElo "1644"]
[PlyCount "50"]
[EventDate "2004.09.04"]

1. d4 d5 2. c4 e6 3. Nc3 Nf6 4. cxd5 exd5 5. e3 c6 6. a4 Bb4 7. Nf3 Bg4 8. Be2
Nbd7 9. O-O O-O 10. h3 Bh5 11. Na2 Bd6 12. b4 Bb8 13. Bb2 Qc7 14. g3 Ne4 15.
Kg2 Nxg3 16. Rg1 Nxe2 17. Qxe2 Nf6 18. Nc3 Ne4 19. a5 Bxf3+ 20. Kxf3 Qe7 21.
Kg2 f5 22. Kf1 Qh4 23. Rh1 Bg3 24. Nxe4 fxe4 25. Ke1 Rxf2 0-1

[Event "VI Festival B"]
[Site "Trieste ITA"]
[Date "2004.09.06"]
[Round "3"]
[White "Stampalia, Piergiorgio"]
[Black "Muradore, Aldo"]
[Result "1-0"]
[WhiteElo "1562"]
[BlackElo "1526"]
[PlyCount "109"]
[EventDate "2004.09.04"]

1. e4 c5 2. Nf3 d6 3. d4 cxd4 4. Nxd4 Nf6 5. Nc3 a6 6. Bg5 e6 7. Be2 Be7 8. O-O
O-O 9. Kh1 Ne8 10. Bxe7 Qxe7 11. f4 Nc6 12. Qd2 Nxd4 13. Qxd4 b5 14. a3 Qa7 15.
Rad1 Qxd4 16. Rxd4 e5 17. Rd2 exf4 18. Rxf4 Bb7 19. Bd3 Nf6 20. Re2 Nd7 21. Nd5
Ne5 22. Ne7+ Kh8 23. Nf5 Rfd8 24. Rd2 Rac8 25. Rf1 Rc7 26. Ng3 Bc8 27. Be2 Be6
28. Rfd1 Rcd7 29. Nf1 Bg4 30. Bxg4 Nxg4 31. h3 Ne5 32. b3 f6 33. Ne3 g6 34. Nd5
Kg7 35. Nb6 Rb7 36. Rxd6 Rxb6 37. Rxd8 Rc6 38. R1d2 Rc3 39. R8d6 Re3 40. Rxa6
Rxe4 41. Rb6 Re1+ 42. Kh2 f5 43. Rxb5 f4 44. Rf2 g5 45. a4 Kg6 46. a5 Kf5 47.
g4+ Ke4 48. Rxe5+ Kxe5 49. Kg2 Ke4 50. c4 Re3 51. Rb2 Rg3+ 52. Kh2 Kf3 53. a6
h5 54. a7 hxg4 55. a8=Q+ 1-0

[Event "VI Festival B"]
[Site "Trieste ITA"]
[Date "2004.09.06"]
[Round "3"]
[White "Tomio, Dante"]
[Black "Samuelli, Daniele"]
[Result "0-1"]
[WhiteElo "1882"]
[BlackElo "1703"]
[PlyCount "57"]
[EventDate "2004.09.04"]

1. d4 e6 2. Nf3 f5 3. g3 d5 4. Bg2 Bd6 5. O-O Nf6 6. c4 c6 7. Nc3 O-O 8. cxd5
exd5 9. Qb3 Nbd7 10. Nd2 Kh8 11. a4 a5 12. Qc2 Ne4 13. Ndxe4 fxe4 14. f3 exf3
15. exf3 Nb8 16. Ne2 Na6 17. Nf4 Bf5 18. Qb3 Nb4 19. Bd2 Qb6 20. Be3 Rae8 21.
Rac1 Bxf4 22. gxf4 Bd3 23. Rfe1 Bc4 24. Rxc4 dxc4 25. Qxc4 Nd5 26. Qc1 Nxe3 27.
Rxe3 Qxd4 28. Kf2 Rxf4 29. Qc3 0-1

[Event "VI Festival B"]
[Site "Trieste ITA"]
[Date "2004.09.06"]
[Round "3"]
[White "Urbisaglia, Elvio"]
[Black "Sluga, Aljaz"]
[Result "0-1"]
[WhiteElo "1580"]
[BlackElo "1853"]
[PlyCount "86"]
[EventDate "2004.09.04"]

1. e4 c5 2. Nf3 d6 3. Nc3 Nf6 4. Be2 g6 5. O-O Bg7 6. d3 O-O 7. Bd2 Nc6 8. Qc1
Nd4 9. Nxd4 cxd4 10. Nd1 Be6 11. Bh6 Rc8 12. Bxg7 Kxg7 13. Qd2 Qc7 14. c3 Qa5
15. a3 Bb3 16. Rc1 Rc7 17. Qe1 Rfc8 18. c4 Qxe1 19. Rxe1 b5 20. f4 bxc4 21.
dxc4 Nxe4 22. Bf3 Nc5 23. Nf2 d3 24. Rc3 Bc2 25. Bd1 Na4 26. Nxd3 Bxd1 27. Rc1
Bg4 28. b3 Nb6 29. h3 Bf5 30. Rcd1 Bxd3 31. Rxd3 Rd7 32. Red1 a5 33. a4 Rb7 34.
Re1 Rcb8 35. Ree3 Kf8 36. c5 dxc5 37. Re5 c4 38. bxc4 Nxc4 39. Re4 Nd6 40. Re5
Rb1+ 41. Kh2 Ra8 42. Rde3 Rb4 43. Rxe7 Nf5 0-1

[Event "VI Festival B"]
[Site "Trieste ITA"]
[Date "2004.09.07"]
[Round "4"]
[White "Chiesa, Roberto"]
[Black "Patino Zuliani, Nicolas"]
[Result "1-0"]
[WhiteElo "1682"]
[BlackElo "1446"]
[PlyCount "91"]
[EventDate "2004.09.04"]

1. d4 Nf6 2. c4 e6 3. Nf3 Bb4+ 4. Bd2 Bxd2+ 5. Qxd2 O-O 6. Nc3 c5 7. e3 cxd4 8.
exd4 d6 9. Be2 Nbd7 10. Rd1 b6 11. O-O Bb7 12. Qc2 Qc7 13. Nb5 Qb8 14. Ne1 a6
15. Nc3 Rc8 16. b3 Qc7 17. Bf3 Bxf3 18. Nxf3 d5 19. Nd2 Ng4 20. g3 e5 21. Nxd5
Qd6 22. Qe4 Ndf6 23. Nxf6+ Nxf6 24. Qxe5 Qa3 25. Ra1 Re8 26. Qf4 Qb2 27. Rfe1
Nh5 28. Qg5 g6 29. Nf3 Qc3 30. Qd5 Nf6 31. Qc6 Rec8 32. Qxf6 Rab8 33. Ng5 Rf8
34. Ne4 Qb2 35. d5 Qa3 36. Qc3 Rfd8 37. Nf6+ Kf8 38. Nxh7+ Kg8 39. Nf6+ Kf8 40.
Re4 Qd6 41. Rae1 a5 42. Rh4 Qe7 43. Rxe7 Kxe7 44. Qe5+ Kf8 45. Rh8+ Kg7 46.
Ne8# 1-0

[Event "VI Festival B"]
[Site "Trieste ITA"]
[Date "2004.09.07"]
[Round "4"]
[White "Masella, Vincenzo"]
[Black "Petrachi, Gianni"]
[Result "1-0"]
[WhiteElo "1682"]
[BlackElo "1709"]
[PlyCount "61"]
[EventDate "2004.09.04"]

1. c4 Nf6 2. Nc3 g6 3. g3 Bg7 4. Bg2 d6 5. d3 e5 6. Bg5 h6 7. Bd2 d5 8. Qc1 c6
9. Nf3 Na6 10. O-O Bg4 11. h3 Be6 12. b3 Rc8 13. e4 Nh5 14. Be3 Nb4 15. Qd2 a5
16. cxd5 cxd5 17. exd5 Bxd5 18. Rad1 Rxc3 19. Qxc3 e4 20. Bd4 exf3 21. Bxg7 Rg8
22. Rfe1+ Kd7 23. Bxh6 fxg2 24. Qc5 Qf6 25. a3 Rc8 26. Qxa5 Rc2 27. Be3 Qf5 28.
g4 Qf3 29. axb4 Nf4 30. Bc5 Qxh3 31. Re7+ 1-0

[Event "VI Festival B"]
[Site "Trieste ITA"]
[Date "2004.09.07"]
[Round "4"]
[White "Miele, Roberto"]
[Black "Orsatti, Marcello"]
[Result "0-1"]
[WhiteElo "1877"]
[BlackElo "1644"]
[PlyCount "80"]
[EventDate "2004.09.04"]

1. e4 c6 2. d4 d5 3. Nc3 dxe4 4. Nxe4 Nf6 5. Ng3 e6 6. Nf3 Bd6 7. Bd3 O-O 8.
Bg5 Nbd7 9. Qe2 h6 10. h4 Re8 11. Ne5 Qc7 12. Nxd7 Nxd7 13. Nf5 hxg5 14. hxg5
Bf4 15. Rh7 Qa5+ 16. c3 exf5 17. Rh8+ Kxh8 18. Qxe8+ Kh7 19. Qxf7 Nf6 20. gxf6
Qc7 21. Qh5+ Bh6 22. f7 Qe7+ 23. Kf1 g6 24. Re1 Qxf7 25. Qh4 g5 26. Qh2 Bd7 27.
Qd6 Bf8 28. Qh2+ Bh6 29. Qd6 Bf8 30. Qh2+ Kg7 31. Re3 f4 32. Re5 Kf6 33. Qh8+
Qg7 34. Qh5 Bd6 35. Re1 Rh8 36. Qf3 Rh1+ 37. Ke2 Qe7+ 38. Be4 Rxe1+ 39. Kxe1
Bf5 40. Qh5 Qxe4+ 0-1

[Event "VI Festival B"]
[Site "Trieste ITA"]
[Date "2004.09.07"]
[Round "4"]
[White "Milinkovic, Zdravko"]
[Black "Fantini, Marco"]
[Result "0-1"]
[WhiteElo "1700"]
[BlackElo "1852"]
[PlyCount "72"]
[EventDate "2004.09.04"]

1. d4 d5 2. c4 e6 3. Nc3 c5 4. e3 Nc6 5. cxd5 exd5 6. dxc5 Nf6 7. Bb5 Bxc5 8.
Nf3 O-O 9. O-O Bg4 10. Be2 Qd7 11. Qb3 Rfe8 12. Rd1 Rad8 13. a3 a6 14. Qc2 Ba7
15. b4 Qe6 16. h3 Bf5 17. Bd3 Ne4 18. Ng5 Qg6 19. Bxe4 dxe4 20. Rxd8 Rxd8 21.
g4 Qxg5 22. f4 Qxf4 23. gxf5 Qg3+ 24. Kf1 Qxh3+ 25. Qg2 Qxf5+ 26. Ke1 Ne5 27.
Nxe4 Nd3+ 28. Ke2 Qb5 29. Qg5 Nxc1+ 30. Kf3 Qe2+ 31. Kg3 Bb8+ 32. Kh3 Qh2+ 33.
Kg4 Qg2+ 34. Kh5 Qh3+ 35. Qh4 Rd5+ 36. Ng5 g6+ 0-1

[Event "VI Festival B"]
[Site "Trieste ITA"]
[Date "2004.09.07"]
[Round "4"]
[White "Rizzardi, Franco"]
[Black "Clarini, Ivo"]
[Result "1/2-1/2"]
[WhiteElo "1886"]
[BlackElo "1733"]
[PlyCount "94"]
[EventDate "2004.09.04"]

1. e4 e6 2. d4 d5 3. e5 c5 4. c3 Qb6 5. Nf3 Nc6 6. Be2 Be7 7. O-O Bd7 8. Re1
cxd4 9. cxd4 Bb4 10. Nc3 Qd8 11. Bd2 a6 12. Rc1 Nge7 13. Bd3 Ng6 14. g3 Be7 15.
Be3 Rc8 16. h4 Nf8 17. Kg2 h5 18. Na4 Nb4 19. Rxc8 Bxc8 20. Bb1 b5 21. Nc3 Qb6
22. Qc1 Bb7 23. a3 Nc6 24. Bd3 Nd7 25. b4 g6 26. Kh3 Kf8 27. Bh6+ Ke8 28. Be3
Nf8 29. Qc2 Rg8 30. Rc1 Nh7 31. Ne2 Kd7 32. Qb3 Na7 33. Nf4 Nf8 34. Be2 Rh8 35.
Nd3 Nh7 36. Nc5+ Bxc5 37. dxc5 Qc7 38. Bf4 Bc6 39. Nd4 Rg8 40. Qe3 Nc8 41. Bd3
Ne7 42. Re1 Re8 43. Qf3 Ng8 44. g4 hxg4+ 45. Qxg4 Ne7 46. Qf3 Rg8 47. Bg3 Ke8
1/2-1/2